000 01647nam0a2200421 4500
001 RU\NLR\bibl\1330960
005 20260406080733.0
010 _a978-5-222-14852-5
_910000
021 _aRU
_b2008-105060
_96197
035 _a(nilc)EL/0000248106
035 _aROSTOV\BIBL\0000132817
035 _a(NLR Aleph) 001316193
090 _a710664
_c710664
100 _a20090213d2009 |||y0rusy50 ca
101 0 _arus
102 _aRU
105 _aa |||||||||
106 _ar
200 1 _aУличный бой без правил
_fА. А. Кадочников, М. Б. Ингерлейб
210 _aРостов-на-Дону
_cФеникс
_d2009 [т. е. 2008]
215 _a251, [1] с.
_cил.
_d21
225 1 _aСерия "Жизнь удалась"
300 _aНа обл. авт. не указаны
300 _aКн. фактически изд. в 2008 г.
320 _aБиблиогр.: с. 243-249 (83 назв.)
606 1 _aРукопашный бой
_xПодготовка и обучение
_91604345
_3RU\NLR\auth\661004764
686 _a75.716.6я7
_vLBC/RL
_2rubbk
686 _aЦ4,6(2)361.13
686 _aЧ517.166
700 1 _4070
_8rus
_7ca
_aКадочников
_bА.А.
_f1935-
_gАлексей Алексеевич
_3RU\NLR\auth\7735503
_918500
701 1 _4070
_8rus
_7ca
_aИнгерлейб
_bМ. Б.
_f1966-
_gМихаил Борисович
_3RU\NLR\auth\7743408
_926351
801 0 _aRU
_bДонская ГПБ
_c20090213
_grcr
801 1 _aRU
_bДонская ГПБ
_c20090213
_2rusmarc
801 2 _aRU
_bNLR
_c20090219
_grcr
942 _cBOOK
980 _aNB